[Event "FISU World University-ch 2020"]
[Site "Online"]
[Date "2020.10.26"]
[Round "6.13"]
[White "Muha, Miljenko"]
[Black "Tello Chavez, Isaac Valent"]
[Result "1/2-1/2"]
[WhiteElo "2295"]
[BlackElo "2275"]
[Annotator "TA"]
[PlyCount "194"]
[EventDate "2020.10.26"]
[SourceTitle "playchess.com"]
[Source "ChessBase"]
[SourceQuality "1"]

1. d4 d5 2. c4 dxc4 3. e3 a6 4. Bxc4 Nf6 5. Nf3 e6 6. O-O c5 7. b3 Be7 8. Bb2 O-O 9. dxc5 Bxc5 10. Nbd2 Nbd7 11. Be2 b6 12. Nd4 Bb7 13. Bf3 Nd5 14. Rc1 Qe7 15. Nc2 N7f6 16. Qe2 e5 17. Bxd5 Bxd5 18. Nc4 Bxc4 19. Qxc4 Rfc8 20. Qe2 Qe6 21. Rfd1 a5 22. Ba3 Ne4 23. Qd3 Bxa3 24. Nxa3 Nc5 25. Qe2 Rd8 26. Nc4 f6 27. h3 h6 28. Rxd8+ Rxd8 29. Rd1 Rxd1+ 30. Qxd1 Qd7 31. Qxd7 Nxd7 32. e4 Kf7 33. f3 Ke7 34. Kf2 Kd8 35. Ke2 Kc7 36. Ne3 g6 37. Nd5+ Kd6 38. Kd3 f5 39. Kc4 fxe4 40. fxe4 Nc5 41. Nxb6 Nxe4 42. Kd3 Nc5+ 43. Ke3 Ke6 44. Nc4 a4 45. b4 Na6 46. a3 Nc7 47. Nb6 Nb5 48. Ke4 Nd6+ 49. Kd3 Nb5 50. Nxa4 Nxa3 51. Nc3 Kd6 52. g4 Kc6 53. h4 h5 54. g5 Kd6 55. Ne4+ Ke6 56. Nc5+ Kf5 57. Kc3 Kg4 58. Kb3 Nb5 59. Kc4 Na3+ 60. Kd5 Kxh4 61. Ne4 Kg4 62. Kxe5 h4 63. Kf6 Kf3 64. Nd2+ Ke2 65. Ne4 Ke3 66. Kxg6 Kxe4 67. Kf6 Nb5 68. g6 Nd6 69. Ke6 Nf5 70. b5 h3 71. b6 h2 72. b7 Nd4+ 73. Kf7 Nc6 74. g7 Nd8+ 75. Ke8 Nxb7 76. g8=Q h1=Q 77. Qc4+ Ke5 78. Qc3+ Kd6 79. Qd4+ Kc7 80. Qc3+ Kb8 81. Qg3+ Ka7 82. Qa3+ Kb6 83. Qb3+ Kc6 84. Qa4+ Kc5 85. Qc2+ Kb6 86. Qb3+ Ka6 87. Qd3+ Ka7 88. Qd4+ Kb8 89. Qf4+ Kc8 90. Qc4+ Kb8 91. Qf4+ Ka7 92. Qd4+ Ka6 93. Qc4+ Kb6 94. Qb4+ Kc6 95. Qa4+ Kd6 96. Qd4+ Qd5 97. Qxd5+ Kxd5 1/2-1/2

[Event "FISU World University-ch 2020"]
[Site "Online"]
[Date "2020.10.26"]
[Round "6.13"]
[White "Real Pereyra, Diana Carime"]
[Black "Ivekovic, Tihana"]
[Result "*"]
[WhiteElo "2042"]
[BlackElo "2127"]
[Annotator "TA"]
[PlyCount "73"]
[EventDate "2020.10.26"]
[SourceTitle "playchess.com"]
[Source "ChessBase"]
[SourceQuality "1"]

1. e4 e6 2. d4 d5 3. Nc3 Bb4 4. Bd2 dxe4 5. Qg4 Qxd4 6. O-O-O h5 7. Qg3 Bd6 8. Qh4 Nf6 9. Nf3 Qc5 10. Nxe4 Nxe4 11. Qxe4 Nc6 12. Bd3 Bd7 13. Ng5 Qd4 14. Qf3 Qf6 15. Qe3 O-O-O 16. Ne4 Qe7 17. Nxd6+ Qxd6 18. Bc3 Qf8 19. Be4 Kb8 20. Bxc6 Bxc6 21. Rxd8+ Qxd8 22. Bxg7 Rg8 23. Rd1 Qe7 24. Qd4 b6 25. Bf6 Qe8 26. Qc3 Bd5 27. g3 Qa4 28. a3 Kb7 29. f4 Qc6 30. Qe3 Rg6 31. Be5 f6 32. Bc3 h4 33. gxh4 Rg2 34. h3 f5 35. h5 Rh2 36. h6 Be4 37. Bf6 *

[Event "FISU World University-ch 2020"]
[Site "Online"]
[Date "2020.10.26"]
[Round "6.13"]
[White "Real Pereyra, Diana Carime"]
[Black "Ivekovic, Tihana"]
[Result "1/2-1/2"]
[WhiteElo "2042"]
[BlackElo "2127"]
[Annotator "TA"]
[PlyCount "80"]
[EventDate "2020.10.26"]
[SourceTitle "playchess.com"]
[Source "ChessBase"]
[SourceQuality "1"]

1. e4 e6 2. d4 d5 3. Nc3 Bb4 4. Bd2 dxe4 5. Qg4 Qxd4 6. O-O-O h5 7. Qg3 Bd6 8. Qh4 Nf6 9. Nf3 Qc5 10. Nxe4 Nxe4 11. Qxe4 Nc6 12. Bd3 Bd7 13. Ng5 Qd4 14. Qf3 Qf6 15. Qe3 O-O-O 16. Ne4 Qe7 17. Nxd6+ Qxd6 18. Bc3 Qf8 19. Be4 Kb8 20. Bxc6 Bxc6 21. Rxd8+ Qxd8 22. Bxg7 Rg8 23. Rd1 Qe7 24. Qd4 b6 25. Bf6 Qe8 26. Qc3 Bd5 27. g3 Qa4 28. a3 Kb7 29. f4 Qc6 30. Qe3 Rg6 31. Be5 f6 32. Bc3 h4 33. gxh4 Rg2 34. h3 f5 35. h5 Rh2 36. h6 Be4 37. Rd2 Rh1+ 38. Rd1 Rh2 39. Rd2 Rh1+ 40. Rd1 Rh2 1/2-1/2

[Event "FISU World University-ch 2020"]
[Site "Online"]
[Date "2020.10.26"]
[Round "6.14"]
[White "Blandon, Luis Guillermo"]
[Black "Olarte Parra, Jhoan Sebastian"]
[Result "1-0"]
[WhiteElo "2251"]
[BlackElo "1999"]
[Annotator "TA"]
[PlyCount "69"]
[EventDate "2020.10.26"]
[SourceTitle "playchess.com"]
[Source "ChessBase"]
[SourceQuality "1"]

1. e4 c6 2. d4 d5 3. Nc3 dxe4 4. Nxe4 Bf5 5. Ng3 Bg6 6. h4 h6 7. Nf3 Nd7 8. h5 Bh7 9. Bd3 Bxd3 10. Qxd3 Ngf6 11. Bf4 Qa5+ 12. Bd2 Qc7 13. O-O-O e6 14. Kb1 O-O-O 15. Ne4 Nxe4 16. Qxe4 Nf6 17. Qe2 Bd6 18. c4 Rhe8 19. Bc3 Nd7 20. Rhe1 Kb8 21. Qc2 Nf6 22. Qa4 b6 23. c5 Bf8 24. d5 Bxc5 25. dxc6 Ka8 26. Be5 Bd6 27. Bxf6 gxf6 28. Nd4 Re7 29. Qa6 Qb8 30. Nb5 Bc7 31. Rxd8 Bxd8 32. Rd1 Bc7 33. Rd7 Rxd7 34. cxd7 f5 35. Nxc7+ 1-0

[Event "FISU World University-ch 2020"]
[Site "Online"]
[Date "2020.10.26"]
[Round "6.14"]
[White "Toro Castaneda, Elizabeth"]
[Black "Zapata Arbelaez, Estiven"]
[Result "0-1"]
[WhiteElo "1989"]
[BlackElo "2203"]
[Annotator "ChessBase"]
[PlyCount "48"]
[EventDate "2020.10.26"]
[SourceTitle "playchess.com"]
[Source "ChessBase"]
[SourceQuality "1"]

1. e4 e5 2. Nf3 Nc6 3. d4 exd4 4. Nxd4 Bc5 5. Be3 Qf6 6. c3 Nge7 7. Bc4 b6 8. O-O Bb7 9. Nb5 O-O-O 10. Bxc5 bxc5 11. Nd2 a6 12. Na3 Ne5 13. Be2 N7g6 14. g3 d5 15. f4 dxe4 16. fxe5 Qg5 17. Qa4 Rxd2 18. Bxa6 Qe3+ 19. Kh1 Qh6 20. Bxb7+ Kd8 21. Rf2 Rxf2 22. Rd1+ Rd2 23. Qa8+ Ke7 24. Rxd2 Rxa8 0-1

[Event "FISU World University-ch 2020"]
[Site "Online"]
[Date "2020.10.26"]
[Round "6.14"]
[White "Ocampo, Cristina"]
[Black "Hernandez Banquett, Bryan Steven"]
[Result "1/2-1/2"]
[WhiteElo "1970"]
[BlackElo "1971"]
[Annotator "TA"]
[PlyCount "128"]
[EventDate "2020.10.26"]
[SourceTitle "playchess.com"]
[Source "ChessBase"]
[SourceQuality "1"]

1. e4 c6 2. d4 g6 3. Nf3 d5 4. Nc3 Bg7 5. h3 dxe4 6. Nxe4 Nf6 7. Nxf6+ exf6 8. Bf4 O-O 9. Be2 Be6 10. O-O Nd7 11. c4 Nb6 12. Rc1 Qd7 13. a4 a5 14. Qb3 Nc8 15. Rfd1 Rd8 16. Qe3 Ne7 17. Bh2 Nf5 18. Qb3 Ne7 19. Qb6 Nc8 20. Qb3 Ne7 21. Qb6 Ra6 22. Qc7 Qxc7 23. Bxc7 Rd7 24. Bf4 Ra8 25. Bd2 b6 26. Bc3 Bh6 27. Rc2 Bf5 28. Bd3 Bxd3 29. Rxd3 Nf5 30. d5 Kg7 31. g4 Rad8 32. gxf5 cxd5 33. cxd5 Rxd5 34. Rxd5 Rxd5 35. fxg6 hxg6 36. Re2 Bf4 37. Re4 g5 38. h4 Kg6 39. hxg5 fxg5 40. Re8 Kh5 41. Nd4 Be5 42. Ne2 Bxc3 43. Nxc3 Rd2 44. Re2 Rd4 45. Re5 Kg4 46. Re4+ Rxe4 47. Nxe4 Kf4 48. Nd6 f5 49. Nc4 Ke4 50. Nxb6 Kd4 51. b3 Kc5 52. Nc4 Kb4 53. Nd6 Kxb3 54. Nxf5 Kxa4 55. Nd4 Ka3 56. Kg2 Kb2 57. Kg3 a4 58. Nb5 Kb3 59. Kg4 Kb4 60. Nd4 Kc3 61. Nb5+ Kb4 62. Nd4 Kc3 63. Nb5+ Kb4 64. Nd4 Kc3 1/2-1/2

[Event "FISU World University-ch 2020"]
[Site "Online"]
[Date "2020.10.26"]
[Round "6.14"]
[White "Gomez Guardo, Laura Meli"]
[Black "Cardona Martinez, Lina Sofia"]
[Result "1/2-1/2"]
[WhiteElo "1875"]
[BlackElo "1877"]
[Annotator "NA"]
[PlyCount "78"]
[EventDate "2020.10.26"]
[SourceTitle "playchess.com"]
[Source "ChessBase"]
[SourceQuality "1"]

1. d4 Nf6 2. c4 c5 3. d5 b5 4. cxb5 a6 5. bxa6 Bxa6 6. Nc3 g6 7. e4 Bxf1 8. Kxf1 d6 9. Nf3 Bg7 10. Nd2 Qa5 11. g3 O-O 12. Kg2 Nbd7 13. Nb3 Qb4 14. a3 Qb7 15. Re1 Ne5 16. Qc2 Rfb8 17. Nd2 Qa6 18. Ra2 Nd3 19. Re3 Nxc1 20. Qxc1 Ng4 21. Re1 Bd4 22. f3 Ne5 23. Qc2 Nd3 24. Rea1 Ne5 25. Nf1 Qc4 26. Nd2 Qa6 27. Nf1 Nc4 28. b4 Ne5 29. b5 Qa5 30. Rc1 Bxc3 31. Qxc3 Rxb5 32. f4 Nd7 33. Qxa5 Rbxa5 34. Rc3 Nb6 35. Nd2 Ra4 36. Kf3 Rd4 37. h3 Rda4 38. g4 Kg7 39. h4 h6 1/2-1/2

[Event "FISU World University-ch 2020"]
[Site "Online"]
[Date "2020.10.26"]
[Round "6.15"]
[White "Marosi, Levente"]
[Black "Daeschler, Florian"]
[Result "1-0"]
[WhiteElo "2251"]
[BlackElo "2254"]
[Annotator "TA"]
[PlyCount "177"]
[EventDate "2020.10.26"]
[SourceTitle "playchess.com"]
[Source "ChessBase"]
[SourceQuality "1"]

1. e4 e5 2. Nf3 Nc6 3. d4 exd4 4. Nxd4 Nf6 5. Nxc6 bxc6 6. e5 Qe7 7. Qe2 Nd5 8. c4 Nb6 9. Nc3 Qe6 10. Qe4 Ba6 11. b3 Bb4 12. Bd2 Bxc3 13. Bxc3 d5 14. Qh4 dxc4 15. Rc1 Qg6 16. g3 O-O 17. Be2 Nd5 18. O-O Rfe8 19. Bxc4 Bxc4 20. Qxc4 Re6 21. Bd4 h5 22. h4 Qf5 23. Qc2 Qg4 24. Qd1 Qf5 25. Qc2 Qg4 26. Qd1 Qf5 27. Rc4 a5 28. Qd2 Rg6 29. Rfc1 Qd7 30. Bc3 Rd8 31. Bxa5 Re8 32. Bxc7 Qxc7 33. Qxd5 Rxe5 34. Qf3 Ree6 35. Kg2 Ref6 36. Qe3 Qd7 37. Rd4 Qf5 38. Rcd1 Kh7 39. R1d2 Qa5 40. Re2 Re6 41. Re4 Qd5 42. Kh2 Rxe4 43. Qxe4 Qb5 44. Qe5 Rf6 45. Qxb5 cxb5 46. a4 bxa4 47. bxa4 Rf5 48. Ra2 Ra5 49. Kg2 Kg6 50. Kf3 Kf5 51. Ke3 f6 52. Kf3 g5 53. Ra3 Ke5 54. Ke3 Kf5 55. f3 Ke5 56. f4+ Kf5 57. Kf3 gxh4 58. gxh4 Ke6 59. Ke4 Kd6 60. Kd4 Kc6 61. Rc3+ Kd6 62. Rc4 Rd5+ 63. Ke4 f5+ 64. Ke3 Ke6 65. Rc6+ Kd7 66. Rb6 Ra5 67. Rb5 Rxa4 68. Rxf5 Ke6 69. Rxh5 Kf6 70. Kf3 Ra1 71. Rg5 Rh1 72. h5 Ra1 73. Rg6+ Kf5 74. Rg5+ Kf6 75. Re5 Rf1+ 76. Kg3 Rg1+ 77. Kf2 Ra1 78. Kg2 Rb1 79. h6 Rb7 80. Rh5 Kg6 81. Rh4 Rh7 82. Kf3 Kf6 83. Kg4 Kg6 84. f5+ Kf6 85. Kf4 Kf7 86. Kg5 Ke7 87. Kg6 Rh8 88. h7 Kf8 89. Re4 1-0

[Event "FISU World University-ch 2020"]
[Site "Online"]
[Date "2020.10.26"]
[Round "6.15"]
[White "Grimm, Gyorgy"]
[Black "Afraoui, Anaelle"]
[Result "1-0"]
[WhiteElo "2143"]
[BlackElo "2120"]
[Annotator "ChessBase"]
[PlyCount "55"]
[EventDate "2020.10.26"]
[SourceTitle "playchess.com"]
[Source "ChessBase"]
[SourceQuality "1"]

1. e4 d6 2. d4 Nf6 3. f3 g6 4. Be3 c6 5. Nc3 b5 6. Qd2 Nbd7 7. Nh3 Nb6 8. Nf2 b4 9. Ncd1 a5 10. Be2 Nfd7 11. O-O Bg7 12. a3 bxa3 13. Rxa3 a4 14. Nc3 O-O 15. Rfa1 Rb8 16. Nfd1 c5 17. Nxa4 Nxa4 18. Rxa4 cxd4 19. Bxd4 Nc5 20. Ra7 Be6 21. b4 Nd7 22. c3 Ne5 23. R7a3 Qc8 24. Nb2 Rd8 25. Kh1 Rd7 26. f4 Nc4 27. Bxc4 Bxc4 28. Bxg7 1-0

[Event "FISU World University-ch 2020"]
[Site "Online"]
[Date "2020.10.26"]
[Round "6.15"]
[White "Cahen, Alexis"]
[Black "Terbe, Zsuzsanna"]
[Result "1-0"]
[WhiteElo "2131"]
[BlackElo "2198"]
[Annotator "TA"]
[PlyCount "71"]
[EventDate "2020.10.26"]
[SourceTitle "playchess.com"]
[Source "ChessBase"]
[SourceQuality "1"]

1. e4 e5 2. Qh5 Nc6 3. Bc4 g6 4. Qf3 Nf6 5. Ne2 Bg7 6. d3 O-O 7. h3 Na5 8. Nbc3 Nxc4 9. dxc4 d6 10. Bg5 h6 11. Bh4 c6 12. g4 Be6 13. b3 Qe7 14. O-O-O a6 15. g5 Nh7 16. Rhg1 hxg5 17. Bg3 f5 18. Bh2 b5 19. exf5 gxf5 20. Qxc6 Rfd8 21. Nd5 Qf7 22. Nb6 Rac8 23. Nxc8 Rxc8 24. Qxd6 bxc4 25. Bxe5 Bf8 26. Qxa6 cxb3 27. axb3 Rc5 28. Bd6 Bc8 29. Qa3 Bxd6 30. Rxd6 Qc7 31. Rd2 Ra5 32. Qb2 Qa7 33. Kb1 Be6 34. Nd4 Bd7 35. Re1 Qc5 36. b4 1-0

[Event "FISU World University-ch 2020"]
[Site "Online"]
[Date "2020.10.26"]
[Round "6.15"]
[White "G______, Y____"]
[Black "Grimm, Daniel"]
[Result "1-0"]
[WhiteElo "2007"]
[BlackElo "2286"]
[Annotator "ChessBase"]
[PlyCount "67"]
[EventDate "2020.10.26"]
[SourceTitle "playchess.com"]
[Source "ChessBase"]
[SourceQuality "1"]

1. Nf3 d5 2. c4 c6 3. g3 Nf6 4. Bg2 Bg4 5. Ne5 Be6 6. cxd5 Bxd5 7. Nf3 c5 8. Nc3 Bc6 9. O-O Nbd7 10. Re1 e5 11. e4 Be7 12. d3 O-O 13. a4 b6 14. Nd2 Bd6 15. Nc4 Qe7 16. f4 Rfe8 17. f5 a6 18. g4 Red8 19. g5 Ne8 20. Qg4 f6 21. h4 Bc7 22. Ne3 Qd6 23. Nc4 Qe7 24. Bd2 b5 25. Ne3 Qd6 26. Ncd5 Kh8 27. Kf2 Nb6 28. a5 Nxd5 29. exd5 Bd7 30. Be4 Ra7 31. Qh5 Qf8 32. g6 Qg8 33. d6 Nxd6 34. Bd5 1-0

[Event "FISU World University-ch 2020"]
[Site "Online"]
[Date "2020.10.26"]
[Round "6.16"]
[White "Cimer, Emanuel"]
[Black "Quiroga Jaquez, Angel Ivan"]
[Result "1/2-1/2"]
[WhiteElo "2247"]
[BlackElo "2178"]
[Annotator "TA"]
[PlyCount "85"]
[EventDate "2020.10.26"]
[SourceTitle "playchess.com"]
[Source "ChessBase"]
[SourceQuality "1"]

1. e4 e5 2. Nf3 Nc6 3. Bb5 a6 4. Ba4 Nf6 5. d3 d6 6. c3 g6 7. O-O Bg7 8. Nbd2 Bd7 9. Re1 O-O 10. Nf1 h6 11. h3 Nh7 12. Ng3 Kh8 13. Be3 f5 14. exf5 gxf5 15. Nh5 f4 16. Bc1 Ng5 17. Nxg7 Kxg7 18. Kh2 Qf6 19. Bb3 Rae8 20. Bd2 Ne7 21. d4 Ng6 22. dxe5 Nxe5 23. Nxe5 Rxe5 24. Rxe5 dxe5 25. Qh5 Bf5 26. Re1 Bg6 27. Qg4 Rd8 28. Bc1 h5 29. Qe2 e4 30. Rd1 f3 31. Qe3 Rxd1 32. Bxd1 Qd6+ 33. Qf4 Qxd1 34. Qe5+ Kh7 35. Bxg5 Qd6 36. Qxd6 cxd6 37. gxf3 exf3 38. Kg3 Be4 39. Kf4 Bd5 40. a3 Be6 41. h4 Bg4 42. Be7 Kg6 43. Bxd6 1/2-1/2

[Event "FISU World University-ch 2020"]
[Site "Online"]
[Date "2020.10.26"]
[Round "6.16"]
[White "Garcia de Dios, Jose Antonio"]
[Black "Benedetti, Julio"]
[Result "0-1"]
[WhiteElo "2206"]
[BlackElo "2282"]
[Annotator "ChessBase"]
[PlyCount "60"]
[EventDate "2020.10.26"]
[SourceTitle "playchess.com"]
[Source "ChessBase"]
[SourceQuality "1"]

1. d4 d5 2. c4 dxc4 3. e3 e5 4. Bxc4 exd4 5. exd4 Bd6 6. Nf3 Nf6 7. h3 O-O 8. O-O h6 9. Nc3 c6 10. Be3 Nbd7 11. Bb3 Nb6 12. Qd3 Nbd5 13. a3 Re8 14. Nxd5 Nxd5 15. Bc2 Nf6 16. Rad1 Be6 17. Ne5 Bd5 18. Ng4 Be4 19. Nxf6+ Qxf6 20. Qc3 Qg6 21. Bxe4 Qxe4 22. d5 Be5 23. Qb3 cxd5 24. Rxd5 Rad8 25. Rxd8 Rxd8 26. Rc1 b6 27. Qb5 Kh7 28. a4 Rd6 29. Qb3 Rg6 30. g4 Qf3 0-1

[Event "FISU World University-ch 2020"]
[Site "Online"]
[Date "2020.10.26"]
[Round "6.16"]
[White "Luna Javier, Edgar Froylan"]
[Black "Campos, Maria Jose"]
[Result "0-1"]
[WhiteElo "2114"]
[BlackElo "2112"]
[Annotator "TA"]
[PlyCount "92"]
[EventDate "2020.10.26"]
[SourceTitle "playchess.com"]
[Source "ChessBase"]
[SourceQuality "1"]

1. d4 Nf6 2. c4 e6 3. g3 Bb4+ 4. Bd2 c5 5. Bg2 O-O 6. Nf3 Nc6 7. O-O Qb6 8. dxc5 Bxc5 9. Nc3 Be7 10. Qc2 d6 11. a3 a6 12. b4 Qc7 13. Rac1 Rd8 14. e4 b6 15. Rfd1 Bb7 16. Bf4 Ne5 17. Nd2 Ng6 18. Be3 Ng4 19. Qd3 Rac8 20. Na4 N6e5 21. Qe2 Nxe3 22. Qxe3 Nd7 23. Nb3 Qc6 24. Nc3 Bf6 25. Ne2 Ne5 26. Nd2 b5 27. c5 dxc5 28. Rxc5 Qd6 29. Rxc8 Rxc8 30. Rc1 Rd8 31. Nb3 Nc4 32. Qa7 Qd3 33. Qxb7 Qxe2 34. Rf1 Qb2 35. Nc5 Nd2 36. Re1 Bd4 37. Nd3 Qc3 38. Nf4 Nf3+ 39. Bxf3 Qxe1+ 40. Kg2 Qxf2+ 41. Kh3 Qxf3 42. Qc7 Qf1+ 43. Ng2 Rf8 44. Qc6 g5 45. Qc2 h5 46. Qd2 Bf6 0-1

[Event "FISU World University-ch 2020"]
[Site "Online"]
[Date "2020.10.26"]
[Round "6.16"]
[White "Curatolo, Nicolas Matias"]
[Black "Fuentes Godoy, Lilia Ivonne"]
[Result "0-1"]
[WhiteElo "1665"]
[BlackElo "2196"]
[Annotator "TA"]
[PlyCount "92"]
[EventDate "2020.10.26"]
[SourceTitle "playchess.com"]
[Source "ChessBase"]
[SourceQuality "1"]

1. d4 d5 2. c4 e6 3. Nc3 Nf6 4. cxd5 exd5 5. Bg5 c6 6. e3 Be7 7. Bd3 O-O 8. Qc2 Nbd7 9. Nf3 Re8 10. O-O g6 11. Rab1 Nf8 12. b4 a6 13. a4 Ne6 14. Bh4 Ng7 15. Rfc1 Bf5 16. Bg3 Bxd3 17. Qxd3 Ne4 18. b5 axb5 19. axb5 Ra3 20. Nd2 cxb5 21. Ndxe4 dxe4 22. Qxb5 Nf5 23. Nxe4 b6 24. Bc7 Qa8 25. Bxb6 Rb8 26. Qe5 Ra6 27. Bc5 Rxb1 28. Rxb1 Ra1 29. Nd2 Rxb1+ 30. Nxb1 Qa4 31. Nd2 Qa1+ 32. Nf1 Bxc5 33. Qxc5 Kg7 34. d5 Qe5 35. f3 f6 36. e4 Nd6 37. Ne3 f5 38. exf5 gxf5 39. Kf2 f4 40. Ng4 Qb2+ 41. Ke1 Qb1+ 42. Kd2 Qa2+ 43. Kc3 Qa1+ 44. Kd3 Qf1+ 45. Kd4 Qg1+ 46. Ke5 Qxc5 0-1

[Event "FISU World University-ch 2020"]
[Site "Online"]
[Date "2020.10.26"]
[Round "6.17"]
[White "Loaiza, Yurani"]
[Black "Koggala, W S T D"]
[Result "1-0"]
[WhiteElo "1942"]
[BlackElo "1480"]
[Annotator "TA"]
[PlyCount "107"]
[EventDate "2020.10.26"]
[SourceTitle "playchess.com"]
[Source "ChessBase"]
[SourceQuality "1"]

1. e4 e5 2. Nc3 Nc6 3. g3 Nf6 4. Bg2 Bc5 5. Nf3 d6 6. h3 Be6 7. O-O Qd7 8. Kh2 O-O-O 9. Na4 Bb6 10. Nxb6+ axb6 11. d4 exd4 12. Nxd4 Nxd4 13. Qxd4 Rhe8 14. Bg5 Qe7 15. a4 Ng4+ 16. hxg4 Qxg5 17. a5 bxa5 18. Qa7 Kd7 19. Rxa5 Qxg4 20. e5 Qh5+ 21. Kg1 Ra8 22. Qxb7 Rxa5 23. Bc6+ Kd8 24. Qb8+ Bc8 25. exd6 Ra7 26. Qxa7 cxd6 27. Qb6+ Ke7 28. Qc7+ Kf6 29. Bxe8 Be6 30. Qxd6 Qe2 31. Qd8+ Ke5 32. Qd3 Qg4 33. Re1+ Kf6 34. Bc6 g6 35. Qc3+ Ke7 36. Bd5 Kf8 37. Bxe6 fxe6 38. Qf6+ Kg8 39. Qxe6+ Qxe6 40. Rxe6 Kg7 41. c4 Kf7 42. Ra6 h5 43. c5 g5 44. c6 Ke7 45. c7 Kd7 46. Ra7 Kc8 47. b4 h4 48. b5 hxg3 49. fxg3 g4 50. b6 Kd7 51. Ra8 Kc6 52. c8=Q+ Kxb6 53. Rb8+ Ka7 54. Qb7# 1-0

[Event "FISU World University-ch 2020"]
[Site "Online"]
[Date "2020.10.26"]
[Round "6.17"]
[White "Moreno Bermudez, Jhon Jairo"]
[Black "Kuruppu, Supun Dasantha"]
[Result "1/2-1/2"]
[WhiteElo "1839"]
[BlackElo "1826"]
[Annotator "NA RC"]
[PlyCount "154"]
[EventDate "2020.10.26"]
[SourceTitle "playchess.com"]
[Source "ChessBase"]
[SourceQuality "1"]

1. e4 c5 2. Nf3 Nc6 3. Nc3 Nd4 4. Bc4 g6 5. O-O Bg7 6. d3 e6 7. Ne1 Ne7 8. f4 d6 9. Nf3 O-O 10. Be3 Rb8 11. a4 b6 12. Ba2 a6 13. Qd2 b5 14. axb5 axb5 15. Qf2 Nec6 16. Nd1 Ra8 17. Bxd4 Nxd4 18. Kh1 b4 19. Nxd4 Bxd4 20. Qd2 Bg7 21. Qc1 Bb7 22. Ne3 Qf6 23. Nc4 Qd4 24. Bb3 Rxa1 25. Qxa1 Ra8 26. Qc1 Ba6 27. f5 Bxc4 28. Bxc4 d5 29. c3 bxc3 30. bxc3 Qe5 31. exd5 exd5 32. Bb3 Qxc3 33. Qxc3 Bxc3 34. Bxd5 Ra1 35. Rxa1 Bxa1 36. fxg6 hxg6 37. g4 Kf8 38. h4 Ke7 39. Kg2 f5 40. gxf5 gxf5 41. Kf3 Be5 42. Bb7 Kf6 43. Bc8 Kg6 44. Kg2 f4 45. Bg4 Bf6 46. Kh3 Be7 47. Bd7 Kh5 48. Be8+ Kh6 49. Bc6 Bd6 50. Kg4 Bc7 51. Bf3 Bd8 52. h5 Bc7 53. Kf5 Bb8 54. Kf6 Bc7 55. Ke6 Ba5 56. Kd5 Bb4 57. Kc4 Ba3 58. Kd5 Bb4 59. Bd1 Ba3 60. Kc4 Kg5 61. Bf3 Kh6 62. Kb3 Bc1 63. Kc4 Be3 64. Kd5 Bd4 65. Ke4 Be3 66. Kf5 Bd2 67. Kf6 Be3 68. Bg4 Bd2 69. Kf5 Be3 70. Ke4 Bd2 71. Bf3 Be3 72. Kd5 Bd4 73. Be2 Be3 74. Kc6 Bd4 75. Kd5 Be3 76. Ke4 Bd2 77. Bf3 Be3 1/2-1/2

[Event "FISU World University-ch 2020"]
[Site "Online"]
[Date "2020.10.26"]
[Round "6.17"]
[White "Jayasinghe, Keeth M S"]
[Black "Orozco, Omar"]
[Result "0-1"]
[WhiteElo "1726"]
[BlackElo "1673"]
[Annotator "NA RC"]
[PlyCount "88"]
[EventDate "2020.10.26"]
[SourceTitle "playchess.com"]
[Source "ChessBase"]
[SourceQuality "1"]

1. d4 Nf6 2. Bf4 e6 3. e3 b6 4. Nf3 Bb7 5. Nbd2 Be7 6. Bd3 O-O 7. c3 d6 8. O-O Nbd7 9. h3 Re8 10. e4 e5 11. Bh2 Bf8 12. Re1 Qe7 13. Qc2 g6 14. Rad1 Nh5 15. Bb5 c6 16. Bc4 Bh6 17. Nf1 Kh8 18. Ne3 Rf8 19. a3 Bf4 20. Qd2 Rad8 21. Bxf4 Nxf4 22. Kh2 Nf6 23. Nf1 c5 24. d5 Bc8 25. Ng3 Qd7 26. Bf1 Qe7 27. a4 Rg8 28. a5 g5 29. axb6 axb6 30. Ra1 g4 31. Nh4 gxh3 32. gxh3 Ng4+ 33. hxg4 Qxh4+ 34. Kg1 Bxg4 35. Re3 Rg7 36. c4 Rdg8 37. Raa3 Rg6 38. Bg2 Bh3 39. Bh1 Rh6 40. Bf3 Bg2 41. Bxg2 Qh2+ 42. Kf1 Qxg2+ 43. Ke1 Rh1+ 44. Nxh1 Qg1# 0-1

[Event "FISU World University-ch 2020"]
[Site "Online"]
[Date "2020.10.26"]
[Round "6.17"]
[White "Perera, Thilina"]
[Black "Rodriguez Pineda, Sofia"]
[Result "0-1"]
[WhiteElo "1434"]
[BlackElo "1783"]
[Annotator "NA"]
[PlyCount "78"]
[EventDate "2020.10.26"]
[SourceTitle "playchess.com"]
[Source "ChessBase"]
[SourceQuality "1"]

1. e4 c5 2. Nc3 a6 3. f4 b5 4. a3 e6 5. Nf3 Bb7 6. d3 d5 7. e5 Ne7 8. Be2 g6 9. O-O Bg7 10. Qe1 O-O 11. g4 Nbc6 12. Qh4 Nd4 13. Bd1 Rc8 14. Nxd4 cxd4 15. Ne2 Nc6 16. Qg3 Qb6 17. h4 b4 18. Rf2 Rc7 19. h5 Rfc8 20. hxg6 hxg6 21. Qh4 b3 22. cxb3 a5 23. Rh2 Ba6 24. f5 Nxe5 25. Nf4 Rxc1 26. f6 Nf3+ 27. Kg2 Nxh4+ 28. Rxh4 Bxf6 29. Rxc1 Rxc1 30. Rh1 Bg5 31. Ne2 Rxd1 32. Rxd1 Qxb3 33. Rf1 Qxd3 34. Rf2 Be3 35. Nf4 Qe4+ 36. Kg3 Bxf2+ 37. Kxf2 Qxf4+ 38. Kg2 Bf1+ 39. Kh1 Qg3 0-1

[Event "FISU World University-ch 2020"]
[Site "Online"]
[Date "2020.10.26"]
[Round "6.18"]
[White "Vaculik, Jakub"]
[Black "Dzurak, Vitalii"]
[Result "1-0"]
[WhiteElo "2147"]
[BlackElo "1894"]
[Annotator "TA"]
[PlyCount "99"]
[EventDate "2020.10.26"]
[SourceTitle "playchess.com"]
[Source "ChessBase"]
[SourceQuality "1"]

1. e4 c6 2. d4 d5 3. e5 c5 4. c3 Nc6 5. Nf3 Bg4 6. dxc5 e6 7. Be3 Nge7 8. Bb5 Qc7 9. Nbd2 Nf5 10. Bd4 Be7 11. O-O O-O 12. Bxc6 Qxc6 13. b4 Nxd4 14. cxd4 f6 15. Qb3 b5 16. h3 Bh5 17. a4 a5 18. axb5 Qxb5 19. Rxa5 Rxa5 20. bxa5 Qxa5 21. Qb7 Bd8 22. Qd7 Re8 23. exf6 gxf6 24. Rb1 Qc7 25. Rb7 Qxd7 26. Rxd7 Bxf3 27. Nxf3 Ba5 28. g4 Rd8 29. Re7 e5 30. dxe5 fxe5 31. Nxe5 Bc3 32. Nd3 d4 33. f4 Ra8 34. c6 Rc8 35. Re6 Kf7 36. f5 h5 37. Kg2 hxg4 38. hxg4 Bd2 39. Kf3 Be3 40. Ne5+ Kg7 41. Ke4 Bf2 42. f6+ Kg8 43. g5 Bh4 44. g6 d3 45. Kxd3 Bg3 46. Ke4 Bxe5 47. Kxe5 Ra8 48. Rd6 Re8+ 49. Kf5 Rc8 50. c7 1-0

[Event "FISU World University-ch 2020"]
[Site "Online"]
[Date "2020.10.26"]
[Round "6.18"]
[White "Voloshynskyi, Liubomyr"]
[Black "Marikova, Jana"]
[Result "1-0"]
[WhiteElo "2118"]
[BlackElo "2163"]
[Annotator "ChessBase"]
[PlyCount "47"]
[EventDate "2020.10.26"]
[SourceTitle "playchess.com"]
[Source "ChessBase"]
[SourceQuality "1"]

1. e4 c5 2. Nf3 d6 3. d4 cxd4 4. Nxd4 Nf6 5. Nc3 a6 6. Bg5 Nbd7 7. f4 Qa5 8. Qd2 h6 9. Bh4 Qh5 10. Bg3 Nc5 11. Qe3 e5 12. Nf3 exf4 13. Bxf4 Be7 14. O-O-O Ng4 15. Qg1 Ne5 16. Nd5 Ne6 17. Bxe5 dxe5 18. Nxe7 Kxe7 19. Qb6 Re8 20. Qd6+ Kf6 21. g4 Qxg4 22. Qxe5+ Ke7 23. Qd6+ Kf6 24. e5+ 1-0

[Event "FISU World University-ch 2020"]
[Site "Online"]
[Date "2020.10.26"]
[Round "6.18"]
[White "Otruba, Marek"]
[Black "Sydoryak, Vira"]
[Result "0-1"]
[WhiteElo "2017"]
[BlackElo "1791"]
[Annotator "ChessBase"]
[PlyCount "76"]
[EventDate "2020.10.26"]
[SourceTitle "playchess.com"]
[Source "ChessBase"]
[SourceQuality "1"]

1. e4 c5 2. Nf3 Nc6 3. d4 cxd4 4. Nxd4 g6 5. c4 Bg7 6. Be3 Nf6 7. Nc3 Ng4 8. Qxg4 Nxd4 9. Qd1 e5 10. Be2 O-O 11. O-O f5 12. exf5 Nxf5 13. Bc5 Rf7 14. Bf3 d6 15. Ba3 Be6 16. Bxb7 Rxb7 17. b3 Nd4 18. Ne2 d5 19. Re1 Nxe2+ 20. Qxe2 dxc4 21. bxc4 Rc8 22. Rad1 Qa5 23. Bd6 Rxc4 24. Qf3 Rf7 25. Qa8+ Rc8 26. Qe4 Qxa2 27. Bxe5 Qxf2+ 28. Kh1 Rcf8 29. h3 Bxe5 30. Qxe5 Bc8 31. Re2 Qb6 32. Red2 Rf1+ 33. Rxf1 Rxf1+ 34. Kh2 Rf8 35. Rc2 Qe6 36. Qd4 Qf7 37. Rc4 Bb7 38. Qe5 Qxc4 0-1